Babybug : (Record no. 9709)
[ view plain ]
| 000 -LEADER | |
|---|---|
| fixed length control field | 00752nam a22002657a 4500 |
| 001 - CONTROL NUMBER | |
| control field | 9709 |
| 003 - CONTROL NUMBER IDENTIFIER | |
| control field | FISKH |
| 005 - DATE AND TIME OF LATEST TRANSACTION | |
| control field | 20260130093928.0 |
| 008 - FIXED-LENGTH DATA ELEMENTS--GENERAL INFORMATION | |
| fixed length control field | 260130b cb ||||| |||| 00| 0 eng d |
| 040 ## - CATALOGING SOURCE | |
| Original cataloging agency | FISKH |
| Language of cataloging | eng |
| Transcribing agency | FISKH |
| Modifying agency | FISKH |
| 050 ## - LIBRARY OF CONGRESS CALL NUMBER | |
| Classification number | PZ7 |
| 082 ## - DEWEY DECIMAL CLASSIFICATION NUMBER | |
| Classification number | 823 |
| 100 ## - MAIN ENTRY--PERSONAL NAME | |
| Personal name | Vulliamy, Clara |
| Relator term | Author |
| 245 ## - TITLE STATEMENT | |
| Title | Babybug : |
| Remainder of title | Kim and carrots / |
| Statement of responsibility, etc. | by Clara Vuliamy |
| 260 ## - PUBLICATION, DISTRIBUTION, ETC. | |
| Place of publication, distribution, etc. | Peru : |
| Name of publisher, distributor, etc. | Carus Publishing Company , |
| Date of publication, distribution, etc. | 1996 |
| 300 ## - PHYSICAL DESCRIPTION | |
| Extent | 20 unnumbered pages : |
| Other physical details | color illustrations ; |
| Dimensions | 18 cm |
| 505 ## - FORMATTED CONTENTS NOTE | |
| Formatted contents note | C<br/> |
| 520 ## - SUMMARY, ETC. | |
| Summary, etc. | Kim and Carrots February 2006 version. |
| 521 8# - TARGET AUDIENCE NOTE | |
| Target audience note | 100<br/> |
| Source | Lexile estimate<br/> |
| 521 8# - TARGET AUDIENCE NOTE | |
| Target audience note | C<br/> |
| Source | Raz-Plus<br/> |
| 650 ## - SUBJECT ADDED ENTRY--TOPICAL TERM | |
| Topical term or geographic name entry element | Children picture book |
| Form subdivision | Painting |
| 650 ## - SUBJECT ADDED ENTRY--TOPICAL TERM | |
| Form subdivision | Bunny |
| Source of heading or term | Toys |
| 942 ## - ADDED ENTRY ELEMENTS (KOHA) | |
| Source of classification or shelving scheme | Dewey Decimal Classification |
| Koha item type | Books |
| Suppress in OPAC | No |
| Withdrawn status | Lost status | Source of classification or shelving scheme | Damaged status | Not for loan | Collection | Home library | Current library | Shelving location | Date acquired | Total Checkouts | Full call number | Barcode | Date last seen | Copy number | Price effective from | Koha item type |
|---|---|---|---|---|---|---|---|---|---|---|---|---|---|---|---|---|
| Dewey Decimal Classification | Juvenile Fiction | Footprints International School Library Network Toul Tom Poung Campus | Footprints International School Library Network Toul Tom Poung Campus | TTP Primary Green Bookshelves | 01/30/2026 | VUL 823 PZ7 | FISBK07189 | 01/30/2026 | 1 | 01/30/2026 | Books |
